[Event "Faxe Dags EMT 2017"]
[Site "Faxe"]
[Date "2017.04.12"]
[Round "2.14"]
[White "Skotte, Niels Peder"]
[Black "Nielsen, Henning Sogaard"]
[Result "1-0"]
[WhiteElo "1333"]
[BlackElo "1085"]
[PlyCount "73"]
[EventDate "2017.??.??"]

1. d4 Nf6 2. Nf3 b6 3. g3 Bb7 4. Bg2 e6 5. Bf4 c5 6. c3 Be7 7. Bg5 Nc6 8. O-O
d5 9. e3 c4 10. Nbd2 O-O 11. Re1 Ne4 12. Bxe7 Qxe7 13. Nxe4 dxe4 14. Nd2 f5 15.
Nxc4 b5 16. Nd2 Na5 17. a4 Nc4 18. axb5 Nxd2 19. Qxd2 Qc7 20. b3 a6 21. bxa6
Bxa6 22. c4 Rfd8 23. Bf1 Rdb8 24. Ra3 Qe7 25. Rea1 Bb7 26. Rxa8 Bxa8 27. Qc3
Rc8 28. c5 Bc6 29. Bc4 Bd5 30. b4 Qb7 31. Bxd5 exd5 32. Rb1 Qb5 33. Qb3 Qd7 34.
b5 Rb8 35. b6 Rb7 36. Qb5 Qe6 37. c6 1-0

[Event "Faxe Dags EMT 2017"]
[Site "Faxe"]
[Date "2017.04.19"]
[Round "3.1"]
[White "Arnkilde, Anders"]
[Black "Hansen, Aage"]
[Result "1-0"]
[WhiteElo "1974"]
[BlackElo "1676"]
[PlyCount "103"]
[EventDate "2017.??.??"]

1. e4 e6 2. d4 d5 3. Nc3 Bb4 4. Nge2 dxe4 5. a3 Bxc3+ 6. Nxc3 Nf6 7. Bg5 h6 8.
Bxf6 Qxf6 9. Nxe4 Qe7 10. Bc4 c6 11. O-O Nd7 12. Re1 O-O 13. c3 Nb6 14. Bb3 Rd8
15. Qf3 Nd5 16. Re2 Nf6 17. Ng3 Nh7 18. Bc2 g6 19. Qe3 Qg5 20. f4 Qf6 21. Ne4
Qg7 22. Nd2 b6 23. Bd3 Nf6 24. Qf3 Bb7 25. Ne4 Rac8 26. Qh3 Nd5 27. Rf1 Rc7 28.
Qh4 Rcd7 29. Bc4 Kf8 30. Rfe1 b5 31. Bxd5 Rxd5 32. Nc5 g5 33. fxg5 hxg5 34. Qf2
Rf5 35. Qg3 Bc8 36. Qc7 Re8 37. Qd6+ Kg8 38. Qxc6 Qf8 39. Qxb5 Re7 40. Qd3 Qd8
41. Qg3 Kg7 42. Rf2 Qd5 43. Rxf5 Qxf5 44. Rf1 Qd5 45. Qf3 f5 46. Qxd5 exd5 47.
Kf2 f4 48. h3 g4 49. hxg4 Bxg4 50. Re1 Rf7 51. Re5 f3 52. Rg5+ 1-0

[Event "Faxe Dags EMT 2017"]
[Site "Faxe"]
[Date "2017.04.17"]
[Round "3.2"]
[White "Sorensen, Lindved"]
[Black "Stuhr, Finn"]
[Result "1-0"]
[WhiteElo "1695"]
[BlackElo "1636"]
[PlyCount "91"]
[EventDate "2017.??.??"]

1. Nf3 b6 2. g3 Bb7 3. Bg2 g6 4. b3 Bg7 5. d4 e6 6. c4 Ne7 7. O-O O-O 8. Nc3 c5
9. Bf4 d5 10. Nb5 a6 11. Nd6 Bc6 12. Rc1 cxd4 13. Nxd4 e5 14. Nxc6 Nexc6 15.
Nb7 Qe7 16. cxd5 exf4 17. dxc6 Qc7 18. Qd6 Be5 19. Qxc7 Bxc7 20. Rfd1 fxg3 21.
hxg3 a5 22. Nd6 Na6 23. Nb5 Be5 24. c7 Rac8 25. Bb7 Nxc7 26. Bxc8 Nxb5 27. Rd5
Nc3 28. Rxe5 Rxc8 29. Kg2 Rc7 30. Re3 Nd5 31. Rxc7 Nxc7 32. Re7 Nd5 33. Rb7 Nc3
34. Kf3 Nxa2 35. Rxb6 Nc3 36. Ra6 Nb5 37. e3 Kf8 38. Rxa5 Nd6 39. e4 Ke7 40. g4
h6 41. Ke3 Kd7 42. Kd4 g5 43. Rd5 Ke6 44. Rxd6+ Kxd6 45. b4 f6 46. b5 1-0

[Event "Faxe Dags EMT 2017"]
[Site "Faxe"]
[Date "2017.04.19"]
[Round "3.3"]
[White "Lindskov, Villy"]
[Black "Andersen, Bjarne Hjorth"]
[Result "1-0"]
[WhiteElo "1755"]
[BlackElo "1914"]
[PlyCount "47"]
[EventDate "2017.??.??"]

1. e4 d5 2. exd5 Nf6 3. d4 Nxd5 4. c4 Nb6 5. Nc3 g6 6. Be3 Bg7 7. Qd2 Nc6 8.
Rd1 Bf5 9. h3 h5 10. Nf3 e6 11. Be2 Qe7 12. b3 O-O-O 13. Bd3 Bxd3 14. Qxd3 e5
15. d5 f5 16. Bg5 Qb4 17. O-O e4 18. Nxe4 fxe4 19. Qxe4 Rxd5 20. Rxd5 Nxd5 21.
Qxd5 Qf8 22. Qe6+ Kb8 23. Rd1 Qe8 24. Re1 1-0

[Event "Faxe Dags EMT 2017"]
[Site "Faxe"]
[Date "2017.04.19"]
[Round "3.4"]
[White "Petersen, Bent"]
[Black "Zachariassen, John"]
[Result "0-1"]
[WhiteElo "1885"]
[BlackElo "1834"]
[PlyCount "140"]
[EventDate "2017.??.??"]

1. d4 Nf6 2. c4 d6 3. Nc3 c6 4. e4 Qc7 5. Nf3 Nbd7 6. Be2 e5 7. h3 Be7 8. Be3
O-O 9. O-O Re8 10. Rc1 Bf8 11. d5 Qd8 12. Nd2 a5 13. f4 exf4 14. Bxf4 Qb6+ 15.
Kh1 Qxb2 16. Bf3 Ne5 17. Bxe5 Rxe5 18. c5 cxd5 19. exd5 Qb4 20. a3 Qh4 21. Qa4
Qh6 22. Nde4 Nxe4 23. Nxe4 dxc5 24. d6 Qe6 25. Nxc5 Qxd6 26. Nxb7 Bxb7 27. Bxb7
Rb8 28. Bf3 Qxa3 29. Qf4 Qe3 30. Qc4 Rc5 31. Qe4 Qxe4 32. Bxe4 Rxc1 33. Rxc1
Bd6 34. Rd1 Rd8 35. g4 Be7 36. Ra1 Bb4 37. Kg2 g6 38. Kf3 Kg7 39. h4 h6 40. h5
Kf6 41. Rc1 Kg5 42. hxg6 fxg6 43. Rc6 Rf8+ 44. Ke3 Rf6 45. Rxf6 Kxf6 46. Bc2 g5
47. Kf3 Ke5 48. Ke3 Bc5+ 49. Kf3 Kd4 50. Bd1 Kd3 51. Ba4 Kc3 52. Ke4 Kb4 53.
Bd7 a4 54. Kf5 a3 55. Be6 Kc3 56. Kg6 Kb2 57. Kxh6 Be3 58. Kg6 a2 59. Bxa2 Kxa2
60. Kf5 Bf4 61. Ke4 Kb2 62. Kd3 Kc1 63. Ke2 Kc2 64. Ke1 Kd3 65. Kf2 Kd2 66. Kf3
Ke1 67. Kg2 Ke2 68. Kh3 Bd2 69. Kg2 Be1 70. Kh3 Kf3 0-1

[Event "Faxe Dags EMT 2017"]
[Site "Faxe"]
[Date "2017.04.19"]
[Round "3.5"]
[White "Nielsen, Per Henrik Axel"]
[Black "Laursen, Kurt Kjaer"]
[Result "1-0"]
[WhiteElo "1874"]
[BlackElo "1629"]
[PlyCount "73"]
[EventDate "2017.??.??"]

1. Nf3 d5 2. g3 Nc6 3. d4 Nf6 4. Bg2 g6 5. b3 Bg7 6. Bb2 O-O 7. O-O Re8 8. c4
e6 9. e3 b6 10. Nbd2 a5 11. a3 Bb7 12. Qc2 Rc8 13. Rfd1 Ne7 14. Rac1 dxc4 15.
bxc4 c6 16. e4 Qc7 17. e5 Nd7 18. Ne4 Rcd8 19. Nd6 Rf8 20. Nd2 Nc8 21. Nxb7
Qxb7 22. Ne4 Qc7 23. c5 b5 24. Nd6 Ne7 25. Qe2 Ra8 26. Re1 Nb8 27. Nxb5 Qd7 28.
Nd6 Na6 29. Bc3 Nc7 30. Rb1 Ra7 31. Rb2 Ned5 32. Bd2 Rfa8 33. Reb1 Qd8 34. h4
Ne8 35. Bg5 Qc7 36. Rb7 Nc3 37. Qc2 1-0

[Event "Faxe Dags EMT 2017"]
[Site "Faxe"]
[Date "2017.04.19"]
[Round "3.6"]
[White "Heidelbach, John"]
[Black "Mathiasen, Gunnar"]
[Result "1-0"]
[WhiteElo "1866"]
[BlackElo "1494"]
[PlyCount "47"]
[EventDate "2017.??.??"]

1. d4 d5 2. Nf3 e6 3. Bf4 Nf6 4. e3 c5 5. c3 Nc6 6. Bd3 h6 7. Nbd2 Bd6 8. Ne5
O-O 9. Bg3 Bxe5 10. dxe5 Nd7 11. Qh5 f5 12. exf6 Nxf6 13. Qe2 Ne7 14. e4 dxe4
15. Nxe4 Nxe4 16. Bxe4 Nf5 17. Be5 Qe7 18. Rd1 a5 19. g4 Nh4 20. Bd6 Qf6 21.
Bxf8 Kxf8 22. Qe3 Qe7 23. O-O Rb8 24. Qf4+ 1-0

[Event "Faxe Dags EMT 2017"]
[Site "Faxe"]
[Date "2017.04.19"]
[Round "3.7"]
[White "Andersen, Hans E"]
[Black "Nielsen, Kurt Sogaard"]
[Result "0-1"]
[WhiteElo "1574"]
[BlackElo "1710"]
[PlyCount "94"]
[EventDate "2017.??.??"]

1. e4 c5 2. Nc3 Nc6 3. Nf3 e5 4. Bb5 d6 5. d3 Bd7 6. Bc4 Be7 7. h3 Nf6 8. Be3
O-O 9. g4 Nd4 10. Nd5 Bc6 11. Nxe7+ Qxe7 12. c3 Nxf3+ 13. Qxf3 b5 14. Bb3 c4
15. Bc2 cxd3 16. Bxd3 Qb7 17. Rg1 Nxe4 18. Qe2 a6 19. O-O-O Rfd8 20. h4 Bd5 21.
Qc2 Rac8 22. f3 Nc5 23. Bxh7+ Kf8 24. Bf5 Rc7 25. Bxc5 Rxc5 26. Be4 Bxe4 27.
Qxe4 Qxe4 28. fxe4 Rc4 29. Rge1 Ke7 30. Rd3 b4 31. Ree3 bxc3 32. Rxc3 Rdc8 33.
Kc2 Ke6 34. b3 Rxc3+ 35. Rxc3 Rxc3+ 36. Kxc3 d5 37. exd5+ Kxd5 38. Kd3 e4+ 39.
Ke3 Ke5 40. a4 a5 41. b4 axb4 42. a5 b3 43. Kd2 Kd5 44. a6 Kc6 45. h5 f6 46. a7
Kb7 47. Kc3 e3 0-1

[Event "Faxe Dags EMT 2017"]
[Site "Faxe"]
[Date "2017.04.19"]
[Round "3.8"]
[White "Gregor, Jan"]
[Black "Alic, Ohran"]
[Result "1-0"]
[WhiteElo "1530"]
[BlackElo "1660"]
[PlyCount "101"]
[EventDate "2017.??.??"]

1. e4 e6 2. d4 d5 3. exd5 exd5 4. c4 Be6 5. Nc3 c6 6. c5 b6 7. b4 Nd7 8. Bd3
Ngf6 9. Qe2 Be7 10. Bf4 b5 11. Nf3 Nh5 12. Be3 a5 13. Nxb5 axb4 14. O-O Bg4 15.
h3 Bxf3 16. Qxf3 Nhf6 17. Nd6+ Bxd6 18. cxd6 O-O 19. Rfc1 Nb8 20. Qg3 Ne4 21.
Bxe4 dxe4 22. Rc5 f5 23. Bg5 Qd7 24. Be7 Rf7 25. Qb3 Na6 26. Ra5 g6 27. Qc4 Qb7
28. Rc1 Nb8 29. Rxa8 Qxa8 30. Qxb4 f4 31. Rb1 Nd7 32. Qb7 Qxa2 33. Qb3 Qa7 34.
Qb7 Qa2 35. Qb2 Qxb2 36. Rxb2 Nf8 37. Rb8 Kg7 38. Rc8 Ne6 39. Rxc6 Nxd4 40. Rc4
Ne6 41. Rxe4 Nc5 42. Rc4 Ne6 43. Rc8 Nf8 44. Bxf8+ Rxf8 45. d7 Kf7 46. Rxf8+
Kxf8 47. d8=Q+ Kf7 48. Qg5 h5 49. Qxf4+ Kg7 50. Qe5+ Kf7 51. f4 1-0

[Event "Faxe Dags EMT 2017"]
[Site "Faxe"]
[Date "2017.04.19"]
[Round "3.9"]
[White "Jakobsen, Henning"]
[Black "Eckert, Svend"]
[Result "0-1"]
[WhiteElo "1352"]
[BlackElo "1628"]
[PlyCount "88"]
[EventDate "2017.??.??"]

1. d4 Nf6 2. c4 e6 3. Nf3 c5 4. d5 d6 5. Nc3 Be7 6. e4 e5 7. Be2 O-O 8. O-O h6
9. h3 Na6 10. a3 Nc7 11. Nh4 Nxe4 12. Nxe4 Bxh4 13. Bg4 f5 14. g3 Be7 15. Qe2
fxg4 16. hxg4 Ne8 17. Kg2 Nf6 18. Nxf6+ Bxf6 19. Qe4 Bg5 20. f4 exf4 21. gxf4
Bf6 22. Qg6 Qe8 23. Qxe8 Rxe8 24. g5 hxg5 25. fxg5 Be5 26. g6 Rf8 27. Rxf8+
Kxf8 28. Ra2 Bf5 29. b4 Bxg6 30. Rf2+ Kg8 31. bxc5 dxc5 32. Re2 Re8 33. Bb2
Bxb2 34. Rxb2 b6 35. Rb3 Re2+ 36. Kf3 Rc2 37. Re3 Rxc4 38. d6 Bh5+ 39. Kf2 Kf8
40. Rd3 Rd4 41. Ke3 Rxd3+ 42. Kxd3 Ke8 43. Ke4 Kd7 44. Ke5 g5 0-1

[Event "Faxe Dags EMT 2017"]
[Site "Faxe"]
[Date "2017.04.19"]
[Round "3.10"]
[White "Skotte, Niels Peder"]
[Black "Refsgaard, Kaj"]
[Result "0-1"]
[WhiteElo "1333"]
[BlackElo "1625"]
[PlyCount "122"]
[EventDate "2017.??.??"]

1. d4 d5 2. Nf3 g6 3. c3 Bg7 4. g3 Nf6 5. Bg2 O-O 6. Bf4 Nbd7 7. O-O Nh5 8. Bc1
Nb6 9. Nbd2 Bg4 10. h3 Bd7 11. e4 dxe4 12. Nxe4 Bc6 13. Re1 Qc8 14. Nh2 Kh8 15.
g4 Nf6 16. Nxf6 Bxg2 17. Kxg2 exf6 18. Qf3 c6 19. Bf4 Nd5 20. Re2 f5 21. Rae1
fxg4 22. Nxg4 Qf5 23. Re4 Qc8 24. R4e2 Qd7 25. Bg3 h5 26. Ne5 Bxe5 27. Bxe5+ f6
28. Bg3 Rae8 29. c4 Rxe2 30. Rxe2 Ne7 31. c5 Nf5 32. Qe4 Rf7 33. Rd2 Re7 34.
Qd3 Qd5+ 35. Kh2 Re4 36. Re2 Rxd4 37. Re8+ Kg7 38. Qe2 Qd7 39. Bd6 Kf7 40. Rf8+
Kg7 41. Qe8 Qxe8 42. Rxe8 Nxd6 43. cxd6 Rxd6 44. Re7+ Kh6 45. Rxb7 Kg5 46. Rxa7
Rd2 47. Kg2 Rxb2 48. Ra5+ f5 49. Rc5 Rxa2 50. Rxc6 Ra4 51. Rc3 h4 52. Rc2 Kf4
53. Rc3 Re4 54. Rd3 Ra4 55. Rd2 g5 56. f3 Ke3 57. Rf2 Rd4 58. Kf1 Rd2 59. Rxd2
Kxd2 60. Kf2 f4 61. Kg2 Ke2 0-1

[Event "Faxe Dags EMT 2017"]
[Site "Faxe"]
[Date "2017.04.19"]
[Round "3.11"]
[White "Pedersen, Kim Bjorn"]
[Black "Hansen, Borge"]
[Result "1-0"]
[WhiteElo "1609"]
[BlackElo "1523"]
[PlyCount "88"]
[EventDate "2017.??.??"]

1. d4 d5 2. c4 e6 3. Nc3 Nf6 4. Bg5 Be7 5. cxd5 exd5 6. e3 O-O 7. Nf3 c6 8. Bd3
Bg4 9. h3 Be6 10. Qc2 h6 11. Bh4 Nbd7 12. Bg3 Re8 13. Ne5 Nxe5 14. Bxe5 Nd7 15.
Bh2 a6 16. O-O Nf6 17. Rad1 Bd6 18. Be5 Bc8 19. f4 Be7 20. Qe2 Nd7 21. f5 Bf6
22. Bxf6 Nxf6 23. Qf3 Nh7 24. Qg3 f6 25. h4 Re7 26. Rf3 Bd7 27. e4 dxe4 28.
Bxe4 Qb6 29. Rd2 Be8 30. Kh2 Rd7 31. d5 cxd5 32. Bxd5+ Kh8 33. Re3 Bf7 34. Rde2
Rf8 35. Bxf7 Rdxf7 36. Nd5 Qd8 37. Nf4 Kg8 38. Ng6 Qc8 39. Ne7+ Rxe7 40. Rxe7
Qb8 41. Rxg7+ Kh8 42. Qxb8 Rxb8 43. Ree7 Nf8 44. Rxb7 Rc8 1-0

[Event "Faxe Dags EMT 2017"]
[Site "Faxe"]
[Date "2017.04.19"]
[Round "3.12"]
[White "Adrian, Michael"]
[Black "Larsen, Poul Erik"]
[Result "1/2-1/2"]
[WhiteElo "1505"]
[BlackElo "1300"]
[PlyCount "78"]
[EventDate "2017.??.??"]

1. d4 Nf6 2. e3 d5 3. Bd3 Nc6 4. f4 Bg4 5. Nf3 Qd7 6. c3 g6 7. Nbd2 Bf5 8. Qe2
O-O-O 9. b4 a6 10. a4 Bxd3 11. Qxd3 Na7 12. Ne5 Qe6 13. Nb3 Ne4 14. Nc5 Nxc5
15. bxc5 f6 16. Nf3 Qg4 17. O-O Nc6 18. Rb1 Na5 19. Rf2 Qd7 20. Rb4 Bg7 21.
Rfb2 Qc6 22. Re2 Rhe8 23. Nd2 e5 24. fxe5 fxe5 25. Qc2 exd4 26. cxd4 Bh6 27.
Nf3 Nc4 28. Qb3 Na5 29. Qd3 Bg7 30. Reb2 Kd7 31. Re2 Ra8 32. Bd2 Nc4 33. Qb1
Rab8 34. Qd3 b5 35. axb5 Rxb5 36. Qb3 Reb8 37. Rxb5 Rxb5 38. Qd3 Qb7 39. e4 Rb3
1/2-1/2

[Event "Faxe Dags EMT 2017"]
[Site "Faxe"]
[Date "2017.04.19"]
[Round "3.13"]
[White "Frederiksen, Helge"]
[Black "Nielsen, Henning Sogaard"]
[Result "1-0"]
[WhiteElo "1296"]
[BlackElo "1085"]
[PlyCount "113"]
[EventDate "2017.??.??"]

1. d4 Nf6 2. c4 e6 3. Nc3 Bb4 4. Qc2 O-O 5. Nf3 d6 6. a3 Ba5 7. b4 Bb6 8. c5
dxc5 9. dxc5 Bxc5 10. bxc5 c6 11. e4 Nbd7 12. Be3 e5 13. Rd1 Re8 14. Bc4 Qa5
15. O-O Nxc5 16. Ng5 Ne6 17. Qb3 Nxg5 18. Bxg5 Qc7 19. h3 b5 20. Be2 Be6 21.
Qb2 Nd7 22. g4 h6 23. Be3 g5 24. Kg2 a5 25. Rh1 Kg7 26. h4 Rh8 27. hxg5 hxg5
28. Bxg5 f6 29. Be3 Rag8 30. Rxh8 Rxh8 31. Rh1 Qc8 32. Qc1 Qg8 33. Rxh8 Qxh8
34. Qh1 Qg8 35. Bh6+ Kf7 36. Qh5+ Qg6 37. Qxg6+ Kxg6 38. Be3 b4 39. axb4 axb4
40. Na4 Bb3 41. Nb2 Bc2 42. f3 c5 43. Bd1 Bxd1 44. Nxd1 c4 45. Kf2 Nb8 46. Ke2
Nc6 47. Kd2 Nd4 48. Bxd4 exd4 49. f4 b3 50. e5 f5 51. g5 c3+ 52. Nxc3 b2 53.
Nb1 Kf7 54. Kd3 Ke6 55. Kxd4 Kd7 56. Kd5 Ke7 57. g6 1-0

[Event "Faxe Dags EMT 2017"]
[Site "Faxe"]
[Date "2017.04.19"]
[Round "3.14"]
[White "Meldal, Peter"]
[Black "Larsen, Alex Oksenbol"]
[Result "1/2-1/2"]
[WhiteElo "1158"]
[BlackElo "1219"]
[PlyCount "92"]
[EventDate "2017.??.??"]

1. e4 g6 2. d4 Bg7 3. Nf3 d6 4. Be2 c6 5. Nc3 Bg4 6. h3 Bxf3 7. Bxf3 Nd7 8. O-O
e6 9. Re1 Nb6 10. Bf4 Ne7 11. e5 d5 12. Rb1 Nf5 13. b4 Qh4 14. Ne2 Nc4 15. Qc1
Qd8 16. c3 b5 17. Bg4 Qd7 18. Bxf5 exf5 19. Bh6 Bxh6 20. Qxh6 O-O-O 21. Nf4 Qb7
22. Qg7 Nd2 23. Rbc1 Ne4 24. f3 Rdg8 25. Qh6 Ng3 26. Qh4 g5 27. Qxg3 gxf4 28.
Qxf4 Rg6 29. Qxf5+ Re6 30. Rc2 Kb8 31. Qg4 Rg6 32. Qf5 Rhg8 33. Rce2 Rg5 34.
Qc2 Qc8 35. e6 fxe6 36. Rxe6 Rxg2+ 37. Qxg2 Rxg2+ 38. Kxg2 Qg8+ 39. Kh2 Qg5 40.
Re8+ Kb7 41. R8e3 Kb6 42. a3 h5 43. R1e2 h4 44. Kh1 Qf4 45. Re1 Ka6 46. R1e2
Kb6 1/2-1/2

[Event "Faxe Dags EMT 2017"]
[Site "Faxe"]
[Date "2017.05.04"]
[Round "4.1"]
[White "Sorensen, Lindved"]
[Black "Arnkilde, Anders"]
[Result "0-1"]
[WhiteElo "1695"]
[BlackElo "1974"]
[PlyCount "44"]
[EventDate "2017.??.??"]

1. Nf3 Nf6 2. c4 Nc6 3. g3 e5 4. d3 d5 5. b3 Bb4+ 6. Bd2 e4 7. cxd5 Qxd5 8.
dxe4 Nxe4 9. e3 Nxd2 10. Nbxd2 Bxd2+ 11. Ke2 Bg4 12. Bg2 Ne5 13. Qxd2 Bxf3+ 14.
Ke1 Nd3+ 15. Qxd3 Qxd3 16. Bxf3 Qc3+ 17. Ke2 Qb2+ 18. Kd3 O-O-O+ 19. Ke4 Qf6
20. Bg4+ Kb8 21. f4 Qc6+ 22. Kf5 Qd5# 0-1

[Event "Faxe Dags EMT 2017"]
[Site "Faxe"]
[Date "2017.04.26"]
[Round "4.2"]
[White "Zachariassen, John"]
[Black "Heidelbach, John"]
[Result "1-0"]
[WhiteElo "1834"]
[BlackElo "1866"]
[PlyCount "131"]
[EventDate "2017.??.??"]

1. c4 e5 2. g3 Nc6 3. Bg2 g6 4. Nc3 Bg7 5. d3 d6 6. Nf3 Nge7 7. Bd2 O-O 8. Qc1
Re8 9. O-O Nd4 10. Nxd4 exd4 11. Ne4 f5 12. Ng5 h6 13. Nf3 Kh7 14. h4 Nc6 15.
Re1 a5 16. b3 Qf6 17. a3 Nd8 18. Rb1 Ne6 19. b4 axb4 20. axb4 Ra2 21. Ra1 Rxa1
22. Qxa1 g5 23. hxg5 hxg5 24. Qc1 f4 25. Nh2 Rf8 26. Be4+ Kg8 27. Ng4 Qe7 28.
Kg2 Nd8 29. Bf3 Ne6 30. Rh1 c6 31. Nh6+ Bxh6 32. Rxh6 Qg7 33. Qh1 Rf6 34. Rxf6
Qxf6 35. Qh5 Kf8 36. Be4 Bd7 37. Qh7 Ke8 38. Qg6+ Ke7 39. Qxf6+ Kxf6 40. Bc1
Bc8 41. Bb2 c5 42. bxc5 dxc5 43. e3 fxe3 44. fxe3 Ke5 45. Bd5 b6 46. Kf3 Nf8
47. exd4+ cxd4 48. Bc1 g4+ 49. Kf2 Ne6 50. Ke2 Ba6 51. Bc6 Bc8 52. Bh6 Kd6 53.
Be4 Nc5 54. Bf4+ Ke6 55. Bd5+ Ke7 56. Bg5+ Kd7 57. Bf6 Nb3 58. Kd1 Kd6 59. Kc2
Nc5 60. Bxd4 b5 61. Bg7 bxc4 62. dxc4 Bf5+ 63. Kc3 Ne4+ 64. Kd4 Ng5 65. c5+ Kc7
66. Ke5 1-0

[Event "Faxe Dags EMT 2017"]
[Site "Faxe"]
[Date "2017.04.26"]
[Round "4.3"]
[White "Andersen, Bjarne Hjorth"]
[Black "Hansen, Aage"]
[Result "1-0"]
[WhiteElo "1914"]
[BlackElo "1676"]
[PlyCount "101"]
[EventDate "2017.??.??"]

1. e4 e6 2. d4 d5 3. Nd2 Nf6 4. Bd3 dxe4 5. Nxe4 Be7 6. Nf3 O-O 7. O-O Nc6 8.
c3 b6 9. Qc2 g6 10. Bh6 Re8 11. Bb5 Bd7 12. Nxf6+ Bxf6 13. Rad1 a6 14. Bd3 Ne7
15. Ne5 Nf5 16. Bxf5 exf5 17. Rfe1 Qc8 18. Re2 Bg7 19. Bc1 Re6 20. Rde1 a5 21.
Qb3 Bxe5 22. Rxe5 a4 23. Qb4 Qf8 24. Qc4 Rc8 25. d5 Rxe5 26. Rxe5 c6 27. h3
cxd5 28. Qxd5 Be6 29. Rxe6 fxe6 30. Qxe6+ Kg7 31. Be3 Re8 32. Qxb6 Qf7 33. Qd4+
Kg8 34. Qxa4 Re4 35. Qa8+ Re8 36. Qa5 f4 37. Bd4 h6 38. Qa6 Qe6 39. Qxe6+ Rxe6
40. Kf1 Kf7 41. b4 Ra6 42. b5 Rxa2 43. b6 Ra1+ 44. Ke2 Rb1 45. Kf3 g5 46. Bc5
Rb5 47. c4 Rb3+ 48. Ke4 Ke6 49. Bf8 h5 50. Bh6 Kf6 51. c5 1-0

[Event "Faxe Dags EMT 2017"]
[Site "Faxe"]
[Date "2017.04.26"]
[Round "4.4"]
[White "Stuhr, Finn"]
[Black "Nielsen, Per Henrik Axel"]
[Result "0-1"]
[WhiteElo "1636"]
[BlackElo "1874"]
[PlyCount "66"]
[EventDate "2017.??.??"]

1. e4 Nf6 2. Nc3 d5 3. exd5 Nxd5 4. Bc4 c6 5. Qf3 e6 6. a3 Nd7 7. d4 N7f6 8.
Bg5 Be7 9. Nge2 Bd7 10. O-O h6 11. Bh4 O-O 12. Rad1 a5 13. Ba2 b5 14. Ne4 b4
15. c4 bxc3 16. bxc3 Nxe4 17. Bxe7 Qxe7 18. Qxe4 Qxa3 19. Bb1 Nf6 20. Qc2 c5
21. dxc5 Ba4 22. Qd3 Bxd1 23. Rxd1 Qxc5 24. Ng3 a4 25. Ne4 Nxe4 26. Qxe4 g6 27.
Qg4 Qg5 28. Qe4 Rfd8 29. Re1 a3 30. Ba2 Qf6 31. h3 Rab8 32. c4 Rd2 33. Re2 Qa1+
0-1

[Event "Faxe Dags EMT 2017"]
[Site "Faxe"]
[Date "2017.04.26"]
[Round "4.5"]
[White "Eckert, Svend"]
[Black "Lindskov, Villy"]
[Result "0-1"]
[WhiteElo "1628"]
[BlackElo "1755"]
[PlyCount "72"]
[EventDate "2017.??.??"]

1. c4 e5 2. e3 Nf6 3. a3 d5 4. cxd5 Nxd5 5. Nc3 c6 6. Nf3 Bd6 7. Be2 O-O 8. O-O
Be6 9. d4 Nxc3 10. bxc3 e4 11. Nd2 f5 12. f3 exf3 13. Nxf3 Nd7 14. c4 h6 15. c5
Be7 16. Rb1 b6 17. cxb6 axb6 18. a4 Bd5 19. Qc2 Kh8 20. Bd3 g6 21. Bb2 Kh7 22.
Rbe1 Bb4 23. Ra1 Qe7 24. Qe2 Rfe8 25. Kf2 Bb3 26. Ne5 Nxe5 27. dxe5 Bxa4 28.
Kg1 Bb3 29. Rxa8 Rxa8 30. Rxf5 gxf5 31. Bxf5+ Kg8 32. Qg4+ Kf8 33. Qg6 Rd8 34.
h3 Qg5 35. Qxc6 Qxe3+ 36. Kh2 Qf4+ 0-1

[Event "Faxe Dags EMT 2017"]
[Site "Faxe"]
[Date "2017.04.26"]
[Round "4.6"]
[White "Nielsen, Kurt Sogaard"]
[Black "Gregor, Jan"]
[Result "0-1"]
[WhiteElo "1710"]
[BlackElo "1530"]
[PlyCount "70"]
[EventDate "2017.??.??"]

1. d4 Nf6 2. c4 g6 3. Nc3 Bg7 4. e4 d6 5. Nf3 O-O 6. Bg5 Nbd7 7. Be2 h6 8. Be3
Ng4 9. Qd2 Nxe3 10. Qxe3 Kh7 11. O-O e5 12. d5 f5 13. exf5 gxf5 14. h3 Nf6 15.
Nh2 Qe8 16. Rae1 Qg6 17. Kh1 Bd7 18. Rg1 Rae8 19. f3 Qg3 20. Nf1 Qxe1 21. g4
Qh4 22. Rg3 f4 23. Qd3+ e4 24. fxe4 fxg3 25. Kg2 Re5 26. Nxg3 Nxg4 27. hxg4
Bxg4 28. Qe3 Bxe2 29. Ncxe2 Qg5 30. Qd3 Rfe8 31. Kf1 Qg4 32. Kf2 Bf6 33. Ke3
Bg5+ 34. Kd4 Rf8 35. Nf5 Rfxf5 0-1

[Event "Faxe Dags EMT 2017"]
[Site "Faxe"]
[Date "2017.04.26"]
[Round "4.7"]
[White "Refsgaard, Kaj"]
[Black "Petersen, Bent"]
[Result "0-1"]
[WhiteElo "1625"]
[BlackElo "1885"]
[PlyCount "69"]
[EventDate "2017.??.??"]

1. Nf3 d5 2. d4 e6 3. Bf4 Nf6 4. e3 Bd6 5. Bg3 O-O 6. Bd3 c5 7. c3 Nc6 8. a3
Re8 9. Bh4 c4 10. Bc2 Ne7 11. Bxf6 gxf6 12. Nbd2 Kh8 13. g3 Rg8 14. Nh4 Qf8 15.
Qe2 b5 16. e4 Bb7 17. Qf3 Qg7 18. O-O a5 19. exd5 f5 20. Rad1 Bxd5 21. Qh5 b4
22. Ndf3 bxa3 23. bxa3 Bxa3 24. Rd2 Bd6 25. h3 Bxf3 26. Qxf3 Qg5 27. Rfd1 a4
28. d5 Nxd5 29. Nxf5 Bc5 30. Kf1 Qf6 31. Rxd5 exd5 32. Qxd5 Rac8 33. f4 Qxc3
34. Qe4 Rce8 35. Qxe8 0-1

[Event "Faxe Dags EMT 2017"]
[Site "Faxe"]
[Date "2017.04.26"]
[Round "4.8"]
[White "Laursen, Kurt Kjaer"]
[Black "Pedersen, Kim Bjorn"]
[Result "1/2-1/2"]
[WhiteElo "1629"]
[BlackElo "1609"]
[PlyCount "43"]
[EventDate "2017.??.??"]

1. d4 Nf6 2. c4 g6 3. Nc3 Bg7 4. Nf3 d6 5. e3 O-O 6. Be2 Nbd7 7. O-O a6 8. a4
b6 9. Qc2 Bb7 10. b3 c6 11. Bb2 e5 12. Rad1 Qc7 13. Rd2 Rfe8 14. dxe5 dxe5 15.
Ng5 h6 16. Nge4 Re6 17. Rfd1 Rd8 18. Nxf6+ Bxf6 19. Bg4 Re7 20. Ne4 Bg7 21. Nd6
Ba8 22. Bxd7 1/2-1/2

[Event "Faxe Dags EMT 2017"]
[Site "Faxe"]
[Date "2017.04.26"]
[Round "4.9"]
[White "Mathiasen, Gunnar"]
[Black "Alic, Ohran"]
[Result "0-1"]
[WhiteElo "1494"]
[BlackElo "1660"]
[PlyCount "92"]
[EventDate "2017.??.??"]

1. e4 c5 2. Nf3 g6 3. d4 cxd4 4. Nxd4 Bg7 5. c3 Nc6 6. Be3 d6 7. Nd2 Nf6 8. Bd3
e5 9. N4f3 O-O 10. O-O a6 11. Nc4 b5 12. Nb6 Rb8 13. Nd5 Nxd5 14. exd5 Ne7 15.
Bc2 Bf5 16. Bb3 Bd7 17. Qe2 Nf5 18. Nd2 Nxe3 19. fxe3 Bh6 20. h3 Qg5 21. Rf3
Bf5 22. Kh2 Qh5 23. Re1 Bg4 24. Ne4 Bxf3 25. gxf3 Qh4 26. Rg1 Rbd8 27. Rg4 Qe7
28. Ng3 f5 29. Rb4 f4 30. Nf1 fxe3 31. Nxe3 Bxe3 32. Qxe3 Qf6 33. Bd1 Rb8 34.
Rg4 Kg7 35. Kg3 h5 36. Rg5 Qf4+ 37. Qxf4 Rxf4 38. Bc2 Rf6 39. Be4 Kh6 40. h4
Rg8 41. Kh3 Rf4 42. Rg2 g5 43. hxg5+ Rxg5 44. Rxg5 Kxg5 45. a3 Rxe4 46. fxe4
Kf4 0-1

[Event "Faxe Dags EMT 2017"]
[Site "Faxe"]
[Date "2017.04.26"]
[Round "4.10"]
[White "Jakobsen, Henning"]
[Black "Andersen, Hans E"]
[Result "1-0"]
[WhiteElo "1352"]
[BlackElo "1574"]
[PlyCount "99"]
[EventDate "2017.??.??"]

1. d4 Nc6 2. Nf3 Nf6 3. c4 d5 4. Nc3 Bf5 5. Bg5 e6 6. a3 h6 7. Bxf6 gxf6 8. e3
a6 9. Be2 Qd6 10. Nh4 Bg6 11. Bd3 Rg8 12. c5 Qd8 13. g3 e5 14. Bxg6 fxg6 15.
dxe5 fxe5 16. Qxd5 Qxd5 17. Nxd5 O-O-O 18. Nf6 Rg7 19. Ne4 Rd5 20. b4 Be7 21.
Nf3 Rf7 22. Ke2 g5 23. Nc3 Rd7 24. Rad1 Bf6 25. Ne4 Bg7 26. Rxd7 Rxd7 27. Rd1
Rxd1 28. Kxd1 Kd7 29. Kc2 Ke6 30. Kd3 Na7 31. a4 Bf8 32. Kc4 c6 33. a5 Nb5 34.
Kb3 Be7 35. Nc3 Nxc3 36. Kxc3 e4 37. Nd4+ Ke5 38. Kc4 Bf6 39. g4 Bg7 40. h3 Bh8
41. Nf5 Ke6 42. Nxh6 Bb2 43. Nf5 Ke5 44. Nh6 Bc1 45. Kc3 Kd5 46. Nf7 Bd2+ 47.
Kxd2 Kc4 48. Nxg5 Kxb4 49. Nxe4 Kxa5 50. g5 1-0

[Event "Faxe Dags EMT 2017"]
[Site "Faxe"]
[Date "2017.04.26"]
[Round "4.11"]
[White "Frederiksen, Helge"]
[Black "Adrian, Michael"]
[Result "1-0"]
[WhiteElo "1296"]
[BlackElo "1505"]
[PlyCount "87"]
[EventDate "2017.??.??"]

1. d4 d5 2. Nf3 e6 3. Bf4 Bd6 4. Bxd6 cxd6 5. e3 Qb6 6. b3 Nc6 7. a3 Nf6 8. Qd3
O-O 9. c4 dxc4 10. bxc4 d5 11. c5 Qa5+ 12. Qc3 Ne4 13. Qxa5 Nxa5 14. Nfd2 Nf6
15. Be2 Bd7 16. Nc3 Rfc8 17. Bb5 a6 18. Bxd7 Nxd7 19. Na4 Rc6 20. Rb1 Rb8 21.
Nb6 Nxb6 22. Rxb6 Rxb6 23. cxb6 Rc8 24. Ke2 Kf8 25. Rb1 Ke7 26. Kd1 Kd6 27. Nb3
Nxb3 28. Rxb3 Rc4 29. Kd2 f6 30. f4 e5 31. dxe5+ fxe5 32. g3 e4 33. g4 Ke6 34.
h3 h6 35. h4 g6 36. Rc3 Rxc3 37. Kxc3 Kd6 38. Kd4 Kc6 39. f5 gxf5 40. gxf5 Kd6
41. a4 h5 42. a5 Ke7 43. Kxd5 Kf6 44. Kxe4 1-0